000 005220000a22001810004500
020 _a0-310-45321-6
041 0 _aENG
082 0 4 _aG 266.001 C75222e
100 1 _aConn, Harvie M.
245 1 0 _aEternal word and changing worlds : Theology, Anthropology, and Mission in trialogue / Harvie M. Conn
260 _aGrand Rapids, MI., USA : Academie
300 _a372 Pag
001 7325
942 _cBK
999 _c37541
_d37541
336 _atexto
_btxt
_2rdacontent
337 _2rdamedia
_asin mediación
_bn
338 _2rdacarrier
_avolumen
_bnc